00564nam a2200193Ia 450000000250000000300040002500600190002900700140004800800410006204000080010310000170011124500480012826000120017626000430018826000090023194200070024095201060024799900170035300746ngmaa2200277 a 4500RNLg||||fr|||| a0| fzhj bfb|||baap090707b ii f a fnsan d aeng aJagtar Singh aPunjabi de parsidh kissa-kav da shabad kosh aPatiala bPublication Bureau, Punjabi University c2005 cBK 00102ddc40708PunaRNLbRNLcGENd2018-10-02g280.00l0p46412r2018-10-02v280.00w2018-10-02yBK c21860d21860